Personajes de Harry Potter por tiempo en pantalla - Estadísticas

Estadísticas generales
  • Esta prueba ha sido intentada 4.674 veces
  • La puntuación promedio es 16 de 25
Estadísticas de respuestas
Minutos Personaje % Correcto
539:15 Harry Potter
100%
205:00 Hermione Granger
98%
211:45 Ron Weasley
98%
77:15 Albus Dumbledore
92%
37:15 Lord Voldemort
91%
43:15 Severus Snape
88%
31:30 Draco Malfoy
87%
45:45 Rubeus Hagrid
81%
28:45 Minerva McGonagall
78%
20:45 Sirius Black
76%
30:15 Ginny Weasley
69%
19:30 Fred Weasley
67%
17:15 Luna Lovegood
66%
20:00 George Weasley
64%
28:15 Neville Longbottom
63%
26:00 Remus Lupin
61%
10:30 Bellatrix Lestrange
59%
11:15 Dobby
58%
15:15 Lucius Malfoy
57%
16:00 Dolores Umbridge
34%
15:45 Arthur Weasley
32%
11:00 Vernon Dursley
22%
10:30 Gilderoy Lockhart
13%
18:45 Horace Slughorn
11%
16:15 Barty Crouch Jr
9%
No se encontraron pruebas coincidentes
Distribución de puntuación
Porcentaje de gente con cada puntuación
Porcentaje por número respondido
Historial de tus puntuaciones
No has intentado esta prueba.